| 000 | 00441nam a2200157 i 4500 | ||
|---|---|---|---|
| 001 | 81641 | ||
| 003 | ES-MaACL | ||
| 005 | 20230906174459.0 | ||
| 007 | t| | ||
| 008 | 041105s1965 sp ||||1| spa d | ||
| 100 | 1 |
_aHuisman, Philippe. _964684 |
|
| 245 | 1 | 0 |
_aLautrec por Lautrec / _cPh. Huisman y M.G. Dortu. |
| 260 |
_aBarcelona : _bBlume, _c[1965] |
||
| 300 |
_a274 p., 52 lám. : _bil. ; _c31 cm. |
||
| 852 |
_aES-MaACL _jC-33382 _bR.63189 |
||
| 999 |
_c81641 _d81641 |
||